Normal view
MARC view
- Dogar, Rafique
Entry Personal Name
001 - CONTROL NUMBER
- control field: 17640
003 - CONTROL NUMBER IDENTIFIER
- control field: NUST
005 - DATE AND TIME OF LATEST TRANSACTION
- control field: 20190715060200.0
008 - FIXED-LENGTH DATA ELEMENTS
- fixed length control field: 190715|| aca||aabn | a|a d
040 ## - CATALOGING SOURCE
- Original cataloging agency: NUST
- Transcribing agency: NUST
100 ## - HEADING--PERSONAL NAME
- Personal name: Dogar, Rafique
670 ## - SOURCE DATA FOUND
- Source citation: Work cat.: (NUST): Dogar, Rafique, Ay Aab e Rud e Ganga /, 1981.
